Вклад Восточно-Сибирского шельфа в современный цикл метана; Вестник Российской академии наук; № 79, № 6

Bibliografiset tiedot
Parent link:Вестник Российской академии наук.— , 1931-
№ 79, № 6.— 2009.— [С. 507-518]
Päätekijä: Шахова Н. Е. Наталья Евгеньевна
Muut tekijät: Сергиенко В. И., Семилетов И. П. Игорь Петрович
Yhteenveto:Заглавие с экрана
Рассмотрены основные арктические источники и резервуары метана, включая уникальные шельфовые газовые гидраты.
Режим доступа: по договору с организацией-держателем ресурса
Kieli:venäjä
Julkaistu: 2009
Aiheet:
Linkit:http://elibrary.ru/item.asp?id=12450543
Aineistotyyppi: Elektroninen Kirjan osa
KOHA link:https://koha.lib.tpu.ru/cgi-bin/koha/opac-detail.pl?biblionumber=653078

MARC

LEADER 00000naa0a2200000 4500
001 653078
005 20250217163815.0
035 |a (RuTPU)RU\TPU\network\18463 
035 |a RU\TPU\network\18459 
090 |a 653078 
100 |a 20170206d2009 k||y0rusy50 ca 
101 0 |a rus 
102 |a RU 
135 |a drcn ---uucaa 
181 0 |a i  
182 0 |a b 
200 1 |a Вклад Восточно-Сибирского шельфа в современный цикл метана  |f Н. Е. Шахова, В. И. Сергиенко, И. П. Семилетов 
203 |a Текст  |c электронный 
300 |a Заглавие с экрана 
320 |a [Библиогр.: с. 517-518 (37 назв.)] 
330 |a Рассмотрены основные арктические источники и резервуары метана, включая уникальные шельфовые газовые гидраты. 
333 |a Режим доступа: по договору с организацией-держателем ресурса 
461 |t Вестник Российской академии наук  |d 1931- 
463 |t № 79, № 6  |v [С. 507-518]  |d 2009 
610 1 |a электронный ресурс 
610 1 |a труды учёных ТПУ 
610 1 |a Арктика 
610 1 |a лед 
610 1 |a мерзлота 
610 1 |a Восточно-Сибирский шельф 
610 1 |a водные экосистемы 
610 1 |a Север 
610 1 |a воды 
610 1 |a моря 
610 1 |a климат 
610 1 |a метан 
610 1 |a биогеохимические исследования 
610 1 |a газовые гидраты 
700 1 |a Шахова  |b Н. Е.  |c геолог  |c профессор Томского политехнического университета, доктор геолого-минералогических наук  |f 1959-  |g Наталья Евгеньевна  |3 (RuTPU)RU\TPU\pers\35373 
701 1 |a Сергиенко  |b В. И. 
701 1 |a Семилетов  |b И. П.  |c географ  |c профессор Томского политехнического университета, доктор географических наук  |f 1955-  |g Игорь Петрович  |3 (RuTPU)RU\TPU\pers\34205 
801 2 |a RU  |b 63413507  |c 20170209  |g RCR 
856 4 |u http://elibrary.ru/item.asp?id=12450543 
942 |c CF